| 000 | 00872nam a22002651 4500 | ||
|---|---|---|---|
| 005 | 20260322212050.0 | ||
| 008 | data | ||
| 010 | _a 77149770 | ||
| 020 | _a0471315001 | ||
| 020 | _a9780471315001 | ||
| 049 | _aESLC | ||
| 096 | _aWM 145 G629r 1971 | ||
| 100 | 1 | _aGoodstein, Leonard David. | |
| 245 | 1 | 0 |
_aReadings in personality assessment, _cedited by Leonard D. Goodstein [and] Richard I. Lanyon. |
| 260 | 0 |
_aNew York, _bWiley _c[1971] |
|
| 300 |
_axiii, 792 p. _billus. _c24 cm. |
||
| 500 | _a"Companion volume to [the authors'] textbook Personality assessment." | ||
| 504 | _aBibliography: p. 709-772. | ||
| 590 | _a"Companion volume to [the authors'] textbook Personality assessment." | ||
| 590 | _aBibliography: p. 709-772. | ||
| 650 | 0 | _aPersonality assessment. | |
| 700 | 1 |
_aLanyon, Richard I., _d1937- |
|
| 740 | 1 | _aPersonality assessment. | |
| 001 | data | ||
| 999 |
_c1176 _d1176 |
||